| 000 | 01199nam a2200301 i 4500 | ||
|---|---|---|---|
| 001 | 000022043 | ||
| 003 | DO-SdBNP | ||
| 005 | 20240229073829.0 | ||
| 007 | ta | ||
| 008 | 100916s1925 dr 001 0dspa d | ||
| 040 |
_aDO-SdBNP _bspa _cBNPHU _erda |
||
| 082 | 4 |
_a972.9106 _bH519t _222 |
|
| 100 | 1 |
_aHenríquez i Carvajal, Federico, _d1848-1952 _eautor _97792 |
|
| 245 | 1 | 0 |
_aTodo por Cuba / _cFederico Henríquez i Carvajal. |
| 264 |
_aSanto Domingo : _bImpr. de J. R. Vda. García, _c1925. |
||
| 300 |
_a290 páginas ; _c24 cm. |
||
| 336 |
_2rdacontent _atexto _btxt |
||
| 337 |
_2rdamedia _asin mediación _bn |
||
| 338 |
_2rdacarrier _avolumen _bnc |
||
| 500 | _aEn la portada: Libro Domínico - cubano. | ||
| 500 | _aIncluye bibliografía y notas al pie de páginas. | ||
| 505 | 0 |
_aLiminar-- _tHonoris causa -- _tEpistolario épico -- _tLira -- _tPróceres -- _tPáginas cívicas -- _tBibliografía cubana -- _tDiscursos y conferencias -- _tÁlbum -- _tEpistolario cívico -- _gApéndice. |
|
| 590 | _aInventariado, 2024/BT | ||
| 651 | 4 |
_aCuba _xHistoria _xEnsayos, conferencias, etc. _945686 |
|
| 651 | 4 |
_aCuba _xBiografías _945664 |
|
| 910 | _aValidado. Control de calidad EMS | ||
| 942 |
_2ddc _cLBS1 |
||
| 999 |
_c21541 _d21541 |
||